LEADER 01424nam a2200325 a 4500 001 000000007084 003 CaOOAMICUS 005 20130510153452.0 008 940514s1970 it u000 u ita r 035 $a10185136 040 $aPUL$bita 041 1 $aita$hger 100 1 $aMeinecke, Friedrich,$d1862-1954.$0(OLS)http://pul/name/7190 240 10$aIdee der Staatsräson in der neueren Geschichte.$lItaliano.$0(OLS)http://pul/title/10390 245 12$aL'idea della ragion di stato nella storia moderna /$cFriedrich Meinecke ; [traduzione di Dino Scolari]. 260 $aFirenze :$bSansoni,$cc1970. 300 $a451 p. ;$c21 cm 490 1 $aBiblioteca Sansoni ;$v49 504 $aInclude referenze bibliografiche e indice. 650 4$aRagione di stato.$0(OLS)http://pul/subject/6323 830 0$aBiblioteca Sansoni ;$v49.$0(OLS)http://pul/title/931 850 $aPUL 852 $aPUL$W1$xDP1 Altre Collocazioni$y17$mSenza collocazione$j12$nBK-PRI$b $qStampati$B9989$CPULBib$Z2$F9989 $H $81 852 $aPUL$W1$xDP1 Fondo E. Rossi$y115$m1 M 60$j153955$qFondi$B153529$CPULBib$Z2$F153529 $82 941 1 $a8 941 1 $a1 961 $aSul dorso collocazione ms. di E. Rossi: M 52 996 $6245$aL'idea della ragion di stato nella storia moderna$9(OLS)http://pul/title/10391 996 $6260$aFirenze :$bSansoni$9(OLS)http://pul/publisher/47896 LEADER 01098nam a2200289 u 4500 001 000000049006 003 CaOOAMICUS 005 20070226115049.0 008 000609s2000 it u000 u ita u 020 $a8887139242 035 $a10849791 040 $aPUL$bita 245 00$aMistici russi /$ca cura di Divo Barsotti. 260 $aTorino :$bEdizioni Il Leone Verde,$c2000. 300 $a142 p. ;$c15 cm 490 1 $aVia Lattea ;$v7 650 4$aMisticismo.$0(OLS)http://pul/subject/2407 651 4$aRussia$xReligione.$0(OLS)http://pul/subject/755 700 1 $aBarsotti, Divo,$csac.,$d1914-$0(OLS)http://pul/name/2218 830 0$aVia Lattea ;$v7.$0(OLS)http://pul/title/66077 850 $aPUL 852 $aPUL$W1$xSL Religione 1$y3$m41 F 161$j65189$nBK-PRI$b $qStampati$B65189$CPULBib$Z2$F65189 $H $81 941 1 $a8 961 $aINV: 82031 996 $6020$a8887139242$9(OLS)http://pul/number/61836 996 $6245$aMistici russi$9(OLS)http://pul/title/66076 996 $6260$aTorino :$bEdizioni Il Leone Verde$9(OLS)http://pul/publisher/67211